[Event "Moscow Open G 2013"]
[Site "Moscow RUS"]
[Date "2013.02.03"]
[Round "1.1"]
[White "Szczepkowska-Horowska, Karina"]
[Black "Saulina, Varvara"]
[Result "1/2-1/2"]
[WhiteTitle "WGM"]
[BlackTitle "WF"]
[WhiteElo "2398"]
[BlackElo "2272"]
[WhiteFideId "1122681"]
[BlackFideId "4194950"]
[EventDate "2013.02.02"]

1. e4 c5 2. Nf3 d6 3. d4 cxd4 4. Nxd4 Nf6 5. Nc3 a6 6. Be2 e5 7. Nb3 Be7 8. O-O
O-O 9. Qd3 Be6 10. Nd5 Bxd5 11. exd5 Nbd7 12. Be3 Rc8 13. c4 e4 14. Qd1 Ne5 15.
Rc1 Nfd7 16. f4 exf3 17. gxf3 Re8 18. Qd2 Bf6 19. Nd4 a5 20. f4 Ng6 21. Bg4 Nh4
22. Bf2 g6 23. Kh1 Ra8 24. Nb5 h5 25. Bh3 Nc5 26. Bxc5 dxc5 27. d6 Re4 28. Qd3
Qe8 29. Nc7 Qc6 30. Bd7 Qxd7 31. Qxe4 Rd8 32. Rcd1 Qh3 33. Rg1 Bd4 34. Rg3 Qd7
35. Qe7 Nf5 36. Qxd7 Nxg3+ 37. hxg3 Rxd7 38. Nb5 Bxb2 39. Rd5 b6 40. Kg2 f5 41.
Nc7 Bf6 42. Rd1 Kf7 43. Kf3 Bd4 44. Nb5 Bg7 45. Rd5 Bf6 46. a4 Rd8 47. d7 Ke7
48. Nd6 Rxd7 49. Nc8+ Ke6 50. Rxd7 Kxd7 51. Nxb6+ Ke6 52. Nd5 Bd8 53. Ne3 g5 54.
Nf1 Kf6 55. Nd2 g4+ 56. Kg2 Kg6 57. Nb3 Bb6 58. Nc1 h4 59. gxh4 Kh5 60. Kg3 Bd8
61. Nb3 Bxh4+ 62. Kg2 Bd8 63. Nxc5 Kg6 64. Ne6 Be7 65. Nd4 Bd6 66. Kg3 Kf6 67.
Nc6 Bc7 68. c5 Ke6 69. Nd4+ Kd5 70. Nxf5 Kxc5 71. Ne3 Bd8 72. Nxg4 Bc7 73. Nf6
Kc4 74. Kf3 Kb3 75. Nd5 Bd8 76. Ne3 Kxa4 77. Nc4 Kb3 78. Nxa5+ Bxa5 1/2-1/2

[Event "Moscow Open G 2013"]
[Site "Moscow RUS"]
[Date "2013.02.03"]
[Round "1.2"]
[White "Saduakassova, Dinara"]
[Black "Enkhtuul, Altanulzii"]
[Result "1-0"]
[WhiteTitle "WGM"]
[BlackTitle "WIM"]
[WhiteElo "2312"]
[BlackElo "2148"]
[WhiteFideId "13700090"]
[BlackFideId "4901444"]
[EventDate "2013.02.02"]

1. e4 Nf6 2. e5 Nd5 3. c4 Nb6 4. d4 d6 5. exd6 exd6 6. Nc3 Be7 7. Be2 O-O 8. Nf3
Bf5 9. Bf4 Bf6 10. O-O Nc6 11. h3 Bg6 12. Rc1 Re8 13. b3 a6 14. Qd2 d5 15. cxd5
Nxd5 16. Nxd5 Qxd5 17. Bxc7 Nxd4 18. Nxd4 Qxd4 19. Qxd4 Bxd4 20. Bg4 Be4 21.
Rcd1 Bc3 22. Bb6 f5 23. Be2 h6 24. Bc4+ Kh7 25. Rd7 Bc6 26. Rd3 Bf6 27. Rfd1 Re2
28. a4 Rae8 29. Re3 R2xe3 30. Bxe3 Rd8 31. Rc1 Be4 32. f3 Bd3 33. Bb6 Rd6 34.
Bc5 Rd8 35. Be6 b6 36. Bf2 Rd6 37. Bc8 b5 38. Rd1 bxa4 39. Rxd3 Rxd3 40. Bxf5+
g6 41. Bxd3 axb3 42. Bxa6 b2 43. Bd3 1-0

[Event "Moscow Open G 2013"]
[Site "Moscow RUS"]
[Date "2013.02.03"]
[Round "1.3"]
[White "Savina, Anastasia"]
[Black "Vasilevich, Irina"]
[Result "1-0"]
[WhiteTitle "IM"]
[BlackTitle "IM"]
[WhiteElo "2339"]
[BlackElo "2370"]
[WhiteFideId "4196872"]
[BlackFideId "4141296"]
[EventDate "2013.02.02"]

1. d4 Nf6 2. c4 Nc6 3. Nc3 e5 4. d5 Ne7 5. h4 h5 6. Bg5 Ng6 7. e3 Be7 8. Bd3 Nf8
9. Nf3 d6 10. Nd2 Ng4 11. Bxe7 Qxe7 12. Qe2 f5 13. f3 Nf6 14. O-O-O a6 15. Bc2
Bd7 16. c5 N8h7 17. Nc4 O-O 18. cxd6 cxd6 19. Nb6 Rae8 20. Kb1 Qd8 21. Nxd7 Qxd7
22. e4 f4 23. Ba4 b5 24. Nxb5 axb5 25. Bxb5 Qa7 26. Bxe8 Rxe8 27. Rc1 Ra8 28. a3
Nd7 29. Rc6 Qb8 30. Ra6 Rxa6 31. Qxa6 Nc5 32. Qc4 Nf8 33. Ka2 Qa7 34. Qb5 Ncd7
35. Rc1 Qf2 36. Rc8 Kh7 37. a4 Qxg2 38. a5 Qxf3 39. a6 Qe3 40. Rc7 f3 41. a7 Qe2
42. Qxe2 fxe2 43. Rc1 Nb6 44. Re1 g5 45. hxg5 Kg6 46. Rxe2 Nfd7 47. Rc2 Kxg5 48.
Rc7 Nc5 49. Rc6 Na8 50. Rc8 Nb6 51. Rb8 Nca4 52. Ka3 h4 53. b3 1-0

[Event "Moscow Open G 2013"]
[Site "Moscow RUS"]
[Date "2013.02.03"]
[Round "1.4"]
[White "Girya, Olga"]
[Black "Ziaziulkina, Nastassia"]
[Result "1/2-1/2"]
[WhiteTitle "WGM"]
[BlackTitle "WGM"]
[WhiteElo "2441"]
[BlackElo "2345"]
[WhiteFideId "4195752"]
[BlackFideId "13505211"]
[EventDate "2013.02.02"]

1. d4 d5 2. Nf3 Nf6 3. c4 c6 4. Nc3 e6 5. e3 Nbd7 6. Bd3 dxc4 7. Bxc4 b5 8. Bd3
Bb7 9. a3 Bd6 10. O-O O-O 11. Qc2 Rc8 12. e4 c5 13. Nxb5 Bb8 14. d5 c4 15. Be2
exd5 16. exd5 Bxd5 17. Nc3 Bb7 18. Bg5 Qc7 19. g3 Rfe8 20. Nd4 Qb6 21. Rad1 Be5
22. Be3 a6 23. f4 Bb8 24. Bf2 h5 25. Bf3 Ng4 26. Bxg4 hxg4 27. Rfe1 Ba8 28. Nf5
Qb7 29. Nd5 Nf6 30. Qc3 Kh8 31. Kf1 Rxe1+ 32. Kxe1 Re8+ 33. Kf1 Re6 34. Nde3
Qh1+ 35. Bg1 Qf3+ 36. Bf2 Bd5 37. Rxd5 Qh1+ 38. Bg1 Qf3+ 39. Bf2 Qh1+ 1/2-1/2

[Event "Moscow Open G 2013"]
[Site "Moscow RUS"]
[Date "2013.02.03"]
[Round "1.5"]
[White "Drozdova, Dina"]
[Black "Pustovoitova, Daria"]
[Result "1-0"]
[BlackTitle "FM"]
[WhiteElo "2286"]
[BlackElo "2257"]
[WhiteFideId "4170695"]
[BlackFideId "4182146"]
[EventDate "2013.02.02"]

1. d4 Nf6 2. c4 g6 3. Nc3 d5 4. cxd5 Nxd5 5. e4 Nxc3 6. bxc3 Bg7 7. Bb5+ c6 8.
Ba4 O-O 9. Ne2 Nd7 10. O-O e5 11. Be3 Nb6 12. Bb3 Qe7 13. f3 Rd8 14. Qc1 Be6 15.
Bg5 Bf6 16. Bxf6 Qxf6 17. f4 exd4 18. Nxd4 Bc4 19. Rf2 c5 20. Nf3 Qe7 21. f5
Bxb3 22. axb3 Nd7 23. Qh6 Qf8 24. Qh4 Qg7 25. Raf1 Re8 26. Rd1 f6 27. Rfd2 Nf8
28. e5 gxf5 29. exf6 Qg4 30. Qf2 b6 31. Nh4 Re6 32. h3 Qg5 33. Nxf5 Rxf6 34. Rd5
Kh8 35. c4 Qg6 36. Qb2 Re8 37. Rf1 Re6 38. Rd8 Qf7 39. g4 h6 40. Nxh6 Qe7 41.
Rxf6 Rxf6 42. Rxf8+ Qxf8 43. g5 Kh7 44. Qxf6 Qxf6 45. gxf6 Kxh6 46. Kf2 a6 47.
Ke3 b5 48. Ke4 bxc4 49. bxc4 a5 50. Kd3 Kg6 51. Kc3 a4 52. Kb2 1-0

[Event "Moscow Open G 2013"]
[Site "Moscow RUS"]
[Date "2013.02.03"]
[Round "2.1"]
[White "Saulina, Varvara"]
[Black "Pustovoitova, Daria"]
[Result "0-1"]
[WhiteTitle "WF"]
[BlackTitle "FM"]
[WhiteElo "2272"]
[BlackElo "2257"]
[WhiteFideId "4194950"]
[BlackFideId "4182146"]
[EventDate "2013.02.02"]

1. e4 e6 2. d4 d5 3. Nc3 Bb4 4. e5 Ne7 5. a3 Bxc3+ 6. bxc3 b6 7. Qg4 Ng6 8. h4
h5 9. Qg5 Ba6 10. Qxd8+ Kxd8 11. Bxa6 Nxa6 12. a4 Nb8 13. Nf3 Kd7 14. a5 Nc6 15.
a6 f6 16. exf6 gxf6 17. O-O Na5 18. g3 Nc4 19. Re1 Ne7 20. Re2 Rae8 21. Ne1 Nf5
22. Nd3 Nfd6 23. Rb1 Ne4 24. Rb3 e5 25. Kg2 Rhg8 26. Nb2 Ncd6 27. Kh2 Nf5 28.
dxe5 fxe5 29. Nd3 c5 30. f3 Nexg3 31. Nxe5+ Kc8 32. Re1 Nxh4 33. c4 dxc4 34. Rc3
Ngf5 35. Bf4 Ng2 36. Rd1 Nxf4 0-1

[Event "Moscow Open G 2013"]
[Site "Moscow RUS"]
[Date "2013.02.03"]
[Round "2.2"]
[White "Ziaziulkina, Nastassia"]
[Black "Drozdova, Dina"]
[Result "1/2-1/2"]
[WhiteTitle "WGM"]
[WhiteElo "2345"]
[BlackElo "2286"]
[WhiteFideId "13505211"]
[BlackFideId "4170695"]
[EventDate "2013.02.02"]

1. e4 e6 2. d4 d5 3. Nc3 dxe4 4. Nxe4 Nd7 5. Nf3 Ngf6 6. Bd3 Nxe4 7. Bxe4 Nf6 8.
Bg5 h6 9. Bxf6 Qxf6 10. Qe2 a6 11. O-O Bd6 12. c4 c5 13. b4 cxd4 14. c5 Bc7 15.
Rad1 O-O 16. Rxd4 Rb8 17. a4 Qe7 18. Re1 a5 19. Qb5 axb4 20. Red1 f5 21. Bc2 Qf6
22. Rxb4 e5 23. Nd2 Rd8 1/2-1/2

[Event "Moscow Open G 2013"]
[Site "Moscow RUS"]
[Date "2013.02.03"]
[Round "2.3"]
[White "Vasilevich, Irina"]
[Black "Girya, Olga"]
[Result "0-1"]
[WhiteTitle "IM"]
[BlackTitle "WGM"]
[WhiteElo "2370"]
[BlackElo "2441"]
[WhiteFideId "4141296"]
[BlackFideId "4195752"]
[EventDate "2013.02.02"]

1. e4 c6 2. d4 d5 3. f3 e6 4. Nc3 Bb4 5. Bf4 Ne7 6. Qd3 O-O 7. Ne2 b6 8. O-O-O
Ba6 9. Qe3 c5 10. a3 Bxc3 11. Qxc3 Bxe2 12. Bxe2 c4 13. h4 Nbc6 14. h5 b5 15. h6
g6 16. Qe1 f6 17. Bf1 Qd7 18. g3 a5 19. Bh3 Rae8 20. Rh2 b4 21. a4 Nd8 22. b3
Nf7 23. Re2 f5 24. g4 fxe4 25. fxe4 cxb3 26. cxb3 dxe4 27. Rxe4 Nd5 28. Bd2 Rc8+
29. Kb2 Nc3 30. g5 Nxd1+ 31. Qxd1 Nd8 32. Bf1 Qc6 33. Bd3 Rf2 34. Kb1 Qd5 35.
Be3 Rh2 36. Bc1 Rc3 37. Re2 Rh1 0-1

[Event "Moscow Open G 2013"]
[Site "Moscow RUS"]
[Date "2013.02.03"]
[Round "2.4"]
[White "Enkhtuul, Altanulzii"]
[Black "Savina, Anastasia"]
[Result "1/2-1/2"]
[WhiteTitle "WIM"]
[BlackTitle "IM"]
[WhiteElo "2148"]
[BlackElo "2339"]
[WhiteFideId "4901444"]
[BlackFideId "4196872"]
[EventDate "2013.02.02"]

1. d4 Nf6 2. Nf3 g6 3. Bf4 d6 4. e3 Bg7 5. Be2 O-O 6. h3 b6 7. O-O Bb7 8. c3
Nbd7 9. a4 a6 10. Nbd2 Qe8 11. Bh2 e5 12. Nc4 Ne4 13. Na3 Kh8 14. Nd2 Nxd2 15.
Qxd2 f5 16. Rfe1 g5 17. a5 b5 18. c4 bxc4 19. Nxc4 exd4 20. exd4 Qg6 21. Rad1
Nf6 22. Qc2 Rae8 23. Nd2 g4 24. hxg4 Nxg4 25. Qxc7 Rf7 26. Qxd6 Rfe7 27. Qxg6
hxg6 28. Be5 Nxe5 29. dxe5 Rxe5 30. Kf1 Rxa5 31. Nc4 Rd5 32. Rxd5 Bxd5 33. Ne3
Bb7 34. Bc4 f4 35. Bd5 Bxd5 36. Nxd5 Rxe1+ 37. Kxe1 Bxb2 38. Nxf4 Kg7 39. Kd2
Be5 40. Nd3 Bd4 41. f4 a5 42. g4 Kf6 43. Kc2 a4 44. Kb1 Ke7 45. Ka2 Kd6 46. Nb4
Be3 47. f5 g5 48. Ka3 Ke5 49. Kxa4 Ke4 50. Kb5 Bd4 51. Kc4 Bh8 52. Nd3 Kf3 53.
Nc5 Kxg4 54. Ne6 Kxf5 1/2-1/2

[Event "Moscow Open G 2013"]
[Site "Moscow RUS"]
[Date "2013.02.03"]
[Round "2.5"]
[White "Szczepkowska-Horowska, Karina"]
[Black "Saduakassova, Dinara"]
[Result "0-1"]
[WhiteTitle "WGM"]
[BlackTitle "WGM"]
[WhiteElo "2398"]
[BlackElo "2312"]
[WhiteFideId "1122681"]
[BlackFideId "13700090"]
[EventDate "2013.02.02"]

1. e4 e5 2. Nf3 Nc6 3. Bc4 Bc5 4. b4 Bxb4 5. c3 Ba5 6. d4 exd4 7. Qb3 Qe7 8. O-O
Bb6 9. Ba3 d6 10. cxd4 Nxd4 11. Nxd4 Bxd4 12. Nc3 Nf6 13. Rad1 Bxc3 14. Qxc3 Qe5
15. Qb3 O-O 16. Bb2 Qe7 17. Rfe1 Be6 18. e5 Bxc4 19. Qxc4 Rfe8 20. Qc1 dxe5 21.
Rxe5 Qb4 22. Rg5 h6 23. Bc3 Qa4 24. Rg3 Nh5 25. Rf3 Rad8 26. Rf1 Re4 27. Qa1 Re6
28. h3 Rg6 29. Kh2 Qc6 30. Rg1 Rd5 31. g4 Qd6+ 32. Kh1 Nf4 33. Qb2 Rd1 34. Rg3
Qc6+ 35. Kh2 Rxg1 36. Kxg1 Rd6 37. Qc2 Rd3 38. Qxd3 Nxd3 39. Rxd3 f6 40. Re3 Qc4
41. a3 b6 42. Bb2 Kf7 43. Rc3 Qf4 44. Rc6 Ke8 45. Rc3 c5 0-1

[Event "Moscow Open G 2013"]
[Site "Moscow RUS"]
[Date "2013.02.04"]
[Round "3.1"]
[White "Saduakassova, Dinara"]
[Black "Saulina, Varvara"]
[Result "1-0"]
[WhiteTitle "WGM"]
[BlackTitle "WF"]
[WhiteElo "2312"]
[BlackElo "2272"]
[WhiteFideId "13700090"]
[BlackFideId "4194950"]
[EventDate "2013.02.02"]

1. e4 c5 2. Nf3 d6 3. d4 Nf6 4. Nc3 cxd4 5. Nxd4 a6 6. Be2 Nbd7 7. Be3 g6 8. Qd2
Bg7 9. Bh6 O-O 10. h4 Bxh6 11. Qxh6 Qb6 12. O-O-O e5 13. Nb3 Qxf2 14. Rdf1 Qg3
15. h5 b5 16. Rf3 Qxg2 17. hxg6 fxg6 18. Rff1 Rf7 19. Rfg1 Qf2 20. Rxg6+ Kh8 21.
Rf1 Qa7 22. Nd5 Ng8 23. Rxg8+ Kxg8 24. Rxf7 Kxf7 25. Qxh7+ Kf8 26. Qh8+ 1-0

[Event "Moscow Open G 2013"]
[Site "Moscow RUS"]
[Date "2013.02.04"]
[Round "3.2"]
[White "Savina, Anastasia"]
[Black "Szczepkowska-Horowska, Karina"]
[Result "1/2-1/2"]
[WhiteTitle "IM"]
[BlackTitle "WGM"]
[WhiteElo "2339"]
[BlackElo "2398"]
[WhiteFideId "4196872"]
[BlackFideId "1122681"]
[EventDate "2013.02.02"]

1. d4 d5 2. c4 e6 3. Nc3 c5 4. cxd5 exd5 5. Nf3 Nf6 6. g3 Nc6 7. Bg2 Be7 8. O-O
O-O 9. dxc5 Bxc5 10. Na4 Be7 11. Be3 Ne4 12. Rc1 Bf6 13. Nd4 Bd7 14. Nc5 Nxd4
15. Bxd4 Bc6 16. e3 Re8 17. Re1 Qe7 18. Re2 Rad8 19. Nb3 Bb5 20. Rec2 b6 21. Rc7
Rd7 22. Rxd7 Qxd7 23. Bxf6 Nxf6 24. Qc2 Bc4 25. Nd4 Ba6 26. Qf5 Rc8 27. Rxc8+
Bxc8 28. Qxd7 Bxd7 29. f3 Kf8 30. Kf2 Ke7 31. Ke1 Kd6 32. Kd2 g5 33. Bf1 h5 34.
h3 Ng8 35. g4 hxg4 36. hxg4 Ne7 37. Kc3 Bb5 38. Nxb5+ Kc5 39. Nd4 a5 40. a3 Ng6
41. Nf5 Ne5 42. b4+ axb4+ 43. axb4+ 1/2-1/2

[Event "Moscow Open G 2013"]
[Site "Moscow RUS"]
[Date "2013.02.04"]
[Round "3.3"]
[White "Girya, Olga"]
[Black "Enkhtuul, Altanulzii"]
[Result "0-1"]
[WhiteTitle "WGM"]
[BlackTitle "WIM"]
[WhiteElo "2441"]
[BlackElo "2148"]
[WhiteFideId "4195752"]
[BlackFideId "4901444"]
[EventDate "2013.02.02"]

1. Nf3 g6 2. d4 Bg7 3. c4 c5 4. d5 d6 5. e4 Nf6 6. Nc3 b5 7. cxb5 O-O 8. Be2 a6
9. bxa6 Qa5 10. O-O Bxa6 11. Bxa6 Nxa6 12. Nd2 Nb4 13. Qe2 Nd7 14. a3 Qa6 15.
Qxa6 Rxa6 16. Nc4 Nc2 17. Rb1 Ne5 18. Nxe5 Bxe5 19. Bd2 Rb8 20. Rfc1 Nd4 21. b4
c4 22. Be3 Nb3 23. Rc2 Rxa3 24. Na2 Na1 25. Re2 Rba8 26. Nc1 c3 27. b5 c2 28.
Rb4 R8a4 29. Rxa4 Rxa4 30. b6 Rb4 31. g3 Bd4 32. Bxd4 Rxd4 33. Na2 Rd1+ 34. Kg2
Rb1 35. Re3 Rxb6 36. Rc3 Rb5 37. Nc1 e6 38. dxe6 fxe6 39. Rc6 Rb1 40. Na2 d5 41.
Rxe6 d4 42. Rd6 Nb3 43. e5 Kf7 44. e6+ Ke7 45. Rb6 Nc5 46. Rc6 d3 47. Nc3 Nxe6 0-1

[Event "Moscow Open G 2013"]
[Site "Moscow RUS"]
[Date "2013.02.04"]
[Round "3.4"]
[White "Drozdova, Dina"]
[Black "Vasilevich, Irina"]
[Result "1/2-1/2"]
[BlackTitle "IM"]
[WhiteElo "2286"]
[BlackElo "2370"]
[WhiteFideId "4170695"]
[BlackFideId "4141296"]
[EventDate "2013.02.02"]

1. d4 Nf6 2. c4 e6 3. Nc3 d5 4. Bg5 Be7 5. e3 h6 6. Bh4 O-O 7. Bd3 b6 8. cxd5
Nxd5 9. Bxe7 Qxe7 10. Nxd5 exd5 11. Nf3 Be6 12. O-O c5 13. Ne5 Nd7 14. f4 Nxe5
15. fxe5 Qg5 16. Qe1 Bh3 17. Qg3 Qxg3 18. hxg3 Be6 19. Rac1 c4 20. Be2 b5 21.
Rfd1 Rfd8 22. Kf2 Bf5 23. g4 Be6 24. Bf3 Rab8 25. Kg3 Rd7 26. Rd2 a5 27. e4 a4
28. Kf4 Rbd8 29. exd5 Bxd5 30. Bxd5 Rxd5 31. Ke4 Kf8 32. b3 cxb3 33. axb3 axb3
34. Rb1 Ke7 35. Rxb3 Ke6 36. Rbd3 f6 37. exf6 Kxf6 38. Kf4 R8d6 39. Kg3 Kg5 40.
Re2 b4 41. Re4 Rc6 42. Re7 Kf6 43. Re4 Kg5 44. Re7 Kf6 45. Re4 Ra6 46. Re8 Rb6
47. Ree3 Kg5 48. Kh3 Rc6 49. Re7 Kf6 50. Re4 Ra6 51. Re8 Rb6 52. Ree3 Re6 53.
Rf3+ Ke7 54. Rf4 g5 55. Rf5 Kd6 56. Rf8 Rb5 57. d5 Re5 58. Rf6+ Ke7 59. Rxh6
Rexd5 60. Rxd5 Rxd5 61. Rb6 Rd3+ 62. Kh2 Rb3 63. Rg6 Rc3 64. Rxg5 Kf6 65. Rb5 b3
66. g3 Rc2+ 67. Kh3 b2 68. g5+ Kg6 69. Kh4 Rc4+ 70. g4 Rc2 71. Rb6+ Kg7 72. g6
Kh6 73. g5+ 1/2-1/2

[Event "Moscow Open G 2013"]
[Site "Moscow RUS"]
[Date "2013.02.04"]
[Round "3.5"]
[White "Pustovoitova, Daria"]
[Black "Ziaziulkina, Nastassia"]
[Result "1/2-1/2"]
[WhiteTitle "FM"]
[BlackTitle "WGM"]
[WhiteElo "2257"]
[BlackElo "2345"]
[WhiteFideId "4182146"]
[BlackFideId "13505211"]
[EventDate "2013.02.02"]

1. Nf3 d5 2. c4 c6 3. e3 Nf6 4. Qc2 Nbd7 5. b3 e5 6. Bb2 Bd6 7. Nc3 O-O 8. cxd5
cxd5 9. Nb5 Qe7 10. Nxd6 Qxd6 11. Rc1 Re8 12. Qc7 Qxc7 13. Rxc7 Re6 14. Bb5 a6
15. Bxd7 Nxd7 16. O-O Re8 17. Rfc1 f6 18. Ba3 Nf8 19. Bxf8 Kxf8 20. Ne1 Rb8 21.
Nd3 Bf5 22. Nc5 Re7 23. Na4 Rxc7 24. Rxc7 Rc8 25. Rxc8+ Bxc8 26. d4 Ke7 27. Kf1
Kd6 1/2-1/2

[Event "Moscow Open G 2013"]
[Site "Moscow RUS"]
[Date "2013.02.05"]
[Round "4.1"]
[Board "21"]
[White "Saulina, Varvara"]
[Black "Ziaziulkina, Nastassia"]
[Result "1/2-1/2"]
[WhiteTitle "WF"]
[BlackTitle "WGM"]
[WhiteElo "2272"]
[BlackElo "2345"]
[WhiteFideId "4194950"]
[BlackFideId "13505211"]
[EventDate "2013.02.02"]

1. e4 c5 2. Nf3 d6 3. d4 cxd4 4. Nxd4 Nf6 5. f3 e5 6. Nb3 Be7 7. c4 a5 8. Be3 a4
9. N3d2 Qa5 10. Nc3 O-O 11. Be2 Nc6 12. O-O Bd8 13. Kh1 Be6 14. Rc1 Nd7 15. Ndb1
Bb6 16. Bd2 Bc5 17. Nd5 Qd8 18. Nbc3 Nd4 19. b4 axb3 20. axb3 Bxd5 21. Nxd5 Nb6
22. b4 Nxd5 23. exd5 Nxe2 24. Qxe2 Bd4 25. Qd3 Ra2 26. f4 b6 27. f5 Qf6 28. Rfd1
Rfa8 29. Qe4 R8a3 30. h3 h6 31. Qg4 Rb3 32. Be1 Qg5 33. Qxg5 hxg5 34. Rd2 Rxd2
35. Bxd2 f6 36. Kh2 e4 37. Be1 e3 38. g4 e2 39. Kg2 Kf7 40. Rc2 Re3 41. Rc1 g6
42. fxg6+ Kxg6 43. b5 f5 44. Bf2 Re4 45. Bxd4 Rxd4 46. Re1 Rxc4 47. Rxe2 Re4 48.
Rc2 Re5 49. Rc6 Rxd5 50. Rxb6 f4 51. Rb8 Kg7 52. b6 Rb5 53. b7 Rb3 54. Kf2 d5
55. Rd8 Rxb7 56. Rxd5 Kg6 57. Rd6+ Kf7 58. Ra6 Re7 59. h4 gxh4 1/2-1/2

[Event "Moscow Open G 2013"]
[Site "Moscow RUS"]
[Date "2013.02.05"]
[Round "4.2"]
[Board "22"]
[White "Vasilevich, Irina"]
[Black "Pustovoitova, Daria"]
[Result "0-1"]
[WhiteTitle "IM"]
[BlackTitle "FM"]
[WhiteElo "2370"]
[BlackElo "2257"]
[WhiteFideId "4141296"]
[BlackFideId "4182146"]
[EventDate "2013.02.02"]

1. b3 c5 2. Bb2 b6 3. g3 Bb7 4. Nf3 e6 5. Bg2 Nf6 6. O-O Be7 7. c4 a6 8. d3 O-O
9. e4 d6 10. Nc3 Nc6 11. d4 cxd4 12. Nxd4 Qc7 13. Rc1 Nxd4 14. Qxd4 Rab8 15.
Rfd1 Rfd8 16. Qe3 h6 17. h3 Ba8 18. Ne2 Nd7 19. Nf4 Bg5 20. h4 Bf6 21. Ba3 Be7
22. Nh5 Nf6 23. Nf4 Nd7 24. Qe2 Nf6 25. Bb2 Ne8 26. Nh5 e5 27. f4 g6 28. Rf1
gxh5 29. Qxh5 Qc5+ 30. Kh1 Nf6 31. Qe2 h5 32. fxe5 dxe5 33. Rf5 Nxe4 34. Bxe4
Rd2 35. Qf3 Bxe4 36. Qxe4 Rxb2 37. Rxh5 Bf6 38. Rf1 Rf2 39. Rxf2 Qxf2 40. Rf5
Qxg3 41. Rxf6 Rd8 42. Qg2 Rd1+ 43. Rf1 Rxf1+ 44. Qxf1 Qxh4+ 45. Kg2 Qg4+ 46. Kh2
e4 47. Qf2 Qe6 48. Qe3 f5 49. Kg2 Kf7 50. c5 bxc5 51. Qxc5 Kf6 52. Qc3+ Qe5 53.
Qc6+ Kg5 54. Qxa6 f4 55. a4 f3+ 56. Kf2 Qd4+ 57. Ke1 Qe3+ 58. Kd1 f2 59. Qb5+
Kh4 60. Qf1 Qd3+ 0-1

[Event "Moscow Open G 2013"]
[Site "Moscow RUS"]
[Date "2013.02.05"]
[Round "4.3"]
[Board "23"]
[White "Enkhtuul, Altanulzii"]
[Black "Drozdova, Dina"]
[Result "1-0"]
[WhiteTitle "WIM"]
[WhiteElo "2148"]
[BlackElo "2286"]
[WhiteFideId "4901444"]
[BlackFideId "4170695"]
[EventDate "2013.02.02"]

1. d4 Nf6 2. Nf3 c5 3. g3 b6 4. Bg2 Bb7 5. dxc5 bxc5 6. O-O g6 7. Re1 Bg7 8. e4
O-O 9. Nc3 Ng4 10. e5 Nh6 11. Bg5 Kh8 12. Qd2 Ng8 13. Be3 Qa5 14. a3 f6 15. b4
cxb4 16. axb4 Qd8 17. e6 dxe6 18. Qxd8 Rxd8 19. Ne5 1-0

[Event "Moscow Open G 2013"]
[Site "Moscow RUS"]
[Date "2013.02.05"]
[Round "4.4"]
[Board "24"]
[White "Szczepkowska-Horowska, Karina"]
[Black "Girya, Olga"]
[Result "1/2-1/2"]
[WhiteTitle "WGM"]
[BlackTitle "WGM"]
[WhiteElo "2398"]
[BlackElo "2441"]
[WhiteFideId "1122681"]
[BlackFideId "4195752"]
[EventDate "2013.02.02"]

1. e4 c5 2. Nf3 Nc6 3. d4 cxd4 4. Nxd4 Qc7 5. Nc3 e6 6. Be3 Nf6 7. f4 Bb4 8. Nb5
Qa5 9. e5 Nd5 10. Bd2 Nxc3 11. Nxc3 d5 12. exd6 Bxd6 13. Ne4 Bb4 14. a3 Bxd2+
15. Qxd2 Qxd2+ 16. Nxd2 Ke7 17. O-O-O Rd8 18. g3 b6 19. Bg2 Bb7 20. Rhe1 Rac8
21. f5 Ba6 22. fxe6 fxe6 23. Nf3 Rxd1+ 24. Kxd1 Rd8+ 25. Kc1 1/2-1/2

[Event "Moscow Open G 2013"]
[Site "Moscow RUS"]
[Date "2013.02.05"]
[Round "4.5"]
[Board "25"]
[White "Saduakassova, Dinara"]
[Black "Savina, Anastasia"]
[Result "1/2-1/2"]
[WhiteTitle "WGM"]
[BlackTitle "IM"]
[WhiteElo "2312"]
[BlackElo "2339"]
[WhiteFideId "13700090"]
[BlackFideId "4196872"]
[EventDate "2013.02.02"]

1. d4 Nf6 2. c4 g6 3. Nc3 Bg7 4. e4 d6 5. Nf3 O-O 6. Be2 e5 7. O-O Na6 8. Be3
Ng4 9. Bg5 Qe8 10. Re1 h6 11. Bh4 Nf6 12. Bxf6 Bxf6 13. c5 exd4 14. Nd5 Qd8 15.
Bxa6 bxa6 16. Nxf6+ Qxf6 17. cxd6 cxd6 18. Qxd4 Qxd4 19. Nxd4 Rb8 20. b3 Bd7 21.
Rac1 Rfc8 22. f3 a5 23. Kf2 a4 24. Rxc8+ Rxc8 25. Ke3 axb3 26. axb3 a5 27. Ra1 1/2-1/2

[Event "Moscow Open G 2013"]
[Site "Moscow RUS"]
[Date "2013.02.06"]
[Round "5.1"]
[Board "21"]
[White "Savina, Anastasia"]
[Black "Saulina, Varvara"]
[Result "0-1"]
[WhiteTitle "IM"]
[BlackTitle "WF"]
[WhiteElo "2339"]
[BlackElo "2272"]
[WhiteFideId "4196872"]
[BlackFideId "4194950"]
[EventDate "2013.02.02"]

1. d4 d5 2. c4 e6 3. Nc3 Be7 4. cxd5 exd5 5. Bf4 c6 6. e3 Nf6 7. Bd3 Bg4 8. Qb3
Qb6 9. h3 Be6 10. Qc2 O-O 11. Nf3 Na6 12. a3 c5 13. O-O c4 14. Be2 Rac8 15. Bg5
Nc7 16. Nd2 Nb5 17. f4 g6 18. Nxb5 Qxb5 19. g4 Kh8 20. Nb1 Qc6 21. Nc3 Rcd8 22.
Bxf6+ Bxf6 23. Bf3 b5 24. Kh1 a5 25. Ne2 Bc8 26. Bg2 Rfe8 27. Qd2 Qb6 28. Nc3
Bb7 29. g5 Be7 30. h4 b4 31. axb4 axb4 32. Ne2 Ra8 33. f5 b3 34. Rxa8 Rxa8 35.
Nc3 Bb4 36. fxg6 Qxg6 37. Qf2 Bxc3 38. bxc3 Kg8 39. Bf3 Qf5 40. Qh2 Ra2 41. Qb8+
Bc8 42. Kg1 b2 43. Be2 Qe6 44. e4 b1=Q 0-1

[Event "Moscow Open G 2013"]
[Site "Moscow RUS"]
[Date "2013.02.06"]
[Round "5.2"]
[Board "22"]
[White "Girya, Olga"]
[Black "Saduakassova, Dinara"]
[Result "1/2-1/2"]
[WhiteTitle "WGM"]
[BlackTitle "WGM"]
[WhiteElo "2441"]
[BlackElo "2312"]
[WhiteFideId "4195752"]
[BlackFideId "13700090"]
[EventDate "2013.02.02"]

1. d4 Nf6 2. Nf3 e6 3. c4 b6 4. a3 Ba6 5. Qc2 Bb7 6. Nc3 c5 7. dxc5 bxc5 8. Bg5
h6 9. Bh4 Be7 10. e3 O-O 11. Be2 d5 12. Rd1 Nbd7 13. O-O Qb6 14. cxd5 exd5 15.
Rd2 Rfd8 16. Rfd1 Rac8 17. Qb1 Qe6 18. Bg3 Nb6 19. h3 Ne4 20. Nxe4 dxe4 21.
Rxd8+ Rxd8 22. Rxd8+ Bxd8 23. Nd2 f5 24. Qc2 Be7 25. Nb3 Qc8 26. a4 Kh7 27. Nd2
Nd5 28. Qb3 Nb4 29. Qf7 Qf8 30. Qxf8 Bxf8 31. Bc4 Kg6 32. Be5 Bd5 33. Bxd5 Nxd5
34. Kf1 Kf7 35. Ke2 Ke6 36. Nc4 1/2-1/2